000 00856nam a2200253 a 4500
003 OSt
005 20251030084433.0
008 250821s2004 ag gr 001 0 spa
020 _a950-557-384-7
040 _aAR-BaBN
_bspa
_cAR-RoUNCS
_eaacr
041 1 _aspa
_hfre
080 1 _a398.2(38)
_22016
100 1 _aVernant, Jean Pierre,
_d1914-2007
_eautor
240 1 3 _aL'univers, les dieux, les hommes.
_lEspañol
245 1 0 _aÉrase una vez... el universo, los dioses, los hombres :
_bun relato de los mitos griegos /
_cJean Pierre Vernant.
250 _a3a reimp.
260 _aBuenos Aires :
_bFondo de Cultura Económica,
_c2004.
300 _a203 p. ;
_c23 cm.
490 0 _aSección de Obras de Filosofía
500 _aTraducción de Daniel Zadunaisky.
650 4 _aMITOLOGÍA GRIEGA
700 1 _aZadunaisky, Daniel
_etraductor
942 _2udc
_cOG
999 _c665
_d665